书目信息 |
| 题名: |
固体物理译丛
|
|
| 作者: | ;河北师范大学 编 | |
| 分册: | 下册 | |
| 出版信息: | 1984 |
|
| 页数: | 233-471页 | |
| 开本: | 26cm | |
| 丛书名: | ||
| 单 册: | ||
| 中图分类: | O48-44 | |
| 科图分类: | ||
| 主题词: | 固体物理学 | |
| 电子资源: | ||
| ISBN: | ||
| 000 | 00555nam0 2200181 450 | |
| 001 | 0662549098 | |
| 005 | 20060927172434.28 | |
| 100 | @a20060927d1984 km y0chiy0120 ea | |
| 101 | 0 | @achi |
| 200 | 1 | @a固体物理译丛@Agu ti wu li yi cong@e问题和习题解答@h下册@f河北师范大学编@Fhe bei shi fan da xue bian |
| 210 | @d1984 | |
| 215 | @a233-471页@d26cm | |
| 517 | 1 | @a问题和习题解答@Awen ti he xi ti jie da |
| 606 | 0 | @a固体物理学 |
| 690 | @aO48-44@v3 | |
| 711 | 0 | @a河北师范大学@Ahe bei shi fan da xue@4编 |
| 801 | 0 | @aCN@bPFT@c20060927 |
| 905 | @a10447@dO48-44@e43:2 | |
| 固体物理译丛:问题和习题解答.下册/河北师范大学编.-1984 |
| 233-471页;26cm |
| ISBN : |
| ● |
| 相关链接 |
|
|
|
|
正题名:固体物理译丛
索取号:O48-44/43:2
 
预约/预借
| 序号 | 登录号 | 条形码 | 馆藏地/架位号 | 状态 | 备注 |
| 1 | 0422820 | 204228200 | 密集书库/ [索取号:O48-44/43:2] | 在馆 | |
| 2 | 0422821 | 204228219 | 密集书库/ [索取号:O48-44/43:2] | 在馆 |